000 00234nam a22000857a 4500
008 161219b xxu||||| |||| 00| 0 eng d
100 _92120
_aSrivastava.M
245 _aTitoo and the Frie works
260 _aNew Delhi
_bChilren Book Trust
_c2011
999 _c5003
_d5003